01437cam a22003377a 4500003000500000005001700005008004100022010001000063011001000073035001000083040000900093090001000102100004100112245023000153260004400383300003100427502017800458590003700636590004100673590004100714590004100755590004200796650002000838650001200858901000700870905002600877942001000903949004200913999001700955952012700972CHAP20220817043624.0000222d1999 br a r 00110 por d a80015 a80987 a91446 cCHAP aTesis00aMartínez Pérez, Dámaso.97238610aDesenvolvimento, producao e qualidade dos frutos de laranjeiras doces (Cittrus sinensis (L.) Osbeck) enxertadas em citrumelo "swingle" (Citrus paradisis Macf. X Poncirus trifoliata (l.) Raf.)c/por Dámaso Martínez Pérez aJaboticabal, Brasil :bEl autor,c1999. a178 h. :bilus. ; gráfs. aTesis (Doutor em agronomia. Area de concentracao em producao Vegetal) -- Universidade Estadual Paulista. Faculdade de Ciencias Agrarias e Beterinarias. campus de Jaboticabal aALEPHb10c20130110lUCH01h1434 aBATCH-UPDb10c20130110lUCH01h1454 aBATCH-UPDb10c20130410lUCH01h0919 aBATCH-UPDb10c20130914lUCH01h1836 aCONVERSIONb10c20130109lUCH01h134414aNaranja.98013014aPomelo. aBK aBlanca M. García O. cTESIS bBCcTESd914461eTS1h35609i91446sb c80015d80015 00102local4051708TESISaBCbBCcPA_TESISd2019-12-31fTESISl0oTesisp914461r2019-12-31 00:00:00w2019-12-31yTESIS